MulMultimedia: (Record no. 63050)

MARC details
000 -LEADER
fixed length control field 00528nam a22001577a 4500
005 - DATE AND TIME OF LATEST TRANSACTION
control field 20120216155837.0
020 ## - INTERNATIONAL STANDARD BOOK NUMBER
International Standard Book Number 8120313186
Terms of availability 250.00
035 ## - SYSTEM CONTROL NUMBER
System control number A-939302
037 ## - SOURCE OF ACQUISITION
Stock number DPL
Source of stock number/acquisition ENG
100 ## - MAIN ENTRY--PERSONAL NAME
Personal name Lozano, Jose
245 ## - TITLE STATEMENT
Title MulMultimedia:
Remainder of title Sound and Video
Statement of responsibility, etc by Jose Lozano
260 ## - PUBLICATION, DISTRIBUTION, ETC. (IMPRINT)
Place of publication, distribution, etc New Delhi
Name of publisher, distributor, etc PHI
Date of publication, distribution, etc 1997
300 ## - PHYSICAL DESCRIPTION
Extent xi, 192p.
Dimensions 32 cms.
942 ## - ADDED ENTRY ELEMENTS (KOHA)
Source of classification or shelving scheme Dewey Decimal Classification
Item type English Books
Classification part 006.5
Call number suffix LOZ
Holdings
Withdrawn status Lost status Not for loan Collection code Home library Current library Date acquired Cost, normal purchase price Full call number Barcode Cost, replacement price Koha item type
      Non-fiction Sarojini Nagar Sarojini Nagar 16/02/2012 250.00 006.5 LOZ A-939302 250.00 English Books

© Delhi Public Library
Hit Counter
free hit counter